000 00703nam a2200181 a 4500
008 130423s2009 ||||||||||||||||| || u
020 _a9780199604869
050 _aQ 172.5.C45 Bal
100 _aBall, Philip
245 1 0 _aNature's patterns: a tapestry in three parts: shapes
_cby Philip Ball
260 _aOxford:
_bOxford University Press
_c2009
300 _a312p.: ill.
500 _abibliography
650 _aCHAOTIC BEHAVIOR IN SYSTEMS
650 _aPATTERN FORMATION (PHYSICAL SCIENCES)
650 _aPATTERN FORMATION (BIOLOGY)
995 _FCBU-MAIN LIBRARY (Kitwe)
_M1
_UAVAILABLE
_WJun 13, 2013
_ZMain Library Open Access Collection
999 _c52020
_d52020